00999ngm a2200313 4500003000400000005001700004007000500021008004100026010003800067024002200105035002000127035002000147040001300167082001400180245008800194260002300282300006100305440002300366500003200389538004900421538007900470650001900549700002400568700002100592700001700613700001700630700001700647700002100664dpl20081212143856.0DVD ||||||sp199 xxu|||||c ||| 00| 0 ng d  aDVD-001391-1393 & DVD-004845-4850 aDVD-E 1418c99.00 aDVD-001391-1393 aDVD-004845-4850 aDPLcDPL aDVD /LAGE aLage Raho Munna BhaicVidhu Vinod Chopra Production Presentsh[videorecording] DVD/ bEros International a1 videodisc DVD; (145 min.)bsd., col. ;c4 3/4 in.fDVD aEros International aWinner of 4 National Awards aDolby Digital 5.1 - Hindi Subtitles: English aNTSC Format-All Regions, 16x9 Anamorphic (2:23.1 Aspect Ratio), Dual Layer aMotion Picture aChopra, Vidhu Vinod aHirani, Rajkumar aDutt, Sanjay aWarsi, Arsad aBalan, Vidya aDeshmuck, Ritesh